Inorganic Chemistry: (Record no. 77137)
[ view plain ]
| 000 -LEADER | |
|---|---|
| fixed length control field | 01620nam a22002057a 4500 |
| 005 - DATE AND TIME OF LATEST TRANSACTION | |
| control field | 20130702150019.0 |
| 010 ## - LCCN (DPL NO) | |
| LC control number | B-508936-937 |
| 020 ## - INTERNATIONAL STANDARD BOOK NUMBER | |
| International Standard Book Number | 9788131706992 |
| Terms of availability | 650.00 |
| 035 ## - SYSTEM CONTROL NUMBER | |
| System control number | B-508936-937 |
| 037 ## - SOURCE OF ACQUISITION | |
| Stock number | dpl |
| Source of stock number/acquisition | KBD/Ven |
| 082 ## - DEWEY DECIMAL CLASSIFICATION NUMBER | |
| Classification number | 546 |
| 100 ## - MAIN ENTRY--PERSONAL NAME | |
| Personal name | Huheey, James E |
| 245 ## - TITLE STATEMENT | |
| Title | Inorganic Chemistry: |
| Statement of responsibility, etc | by James E. Huheey [et......all] |
| Remainder of title | principles of structure and reactivity/ |
| 260 ## - PUBLICATION, DISTRIBUTION, ETC. (IMPRINT) | |
| Place of publication, distribution, etc | New Delhi |
| Name of publisher, distributor, etc | Pearson |
| Date of publication, distribution, etc | 2013 |
| 270 ## - ADDRESS | |
| Address | 11 Community Centre, Panchsheel Park, |
| City | New Delhi |
| Postal code | 110017 |
| 300 ## - PHYSICAL DESCRIPTION | |
| Extent | 808p. |
| Dimensions | 23cm(pbk) |
| 700 ## - ADDED ENTRY--PERSONAL NAME | |
| Dates associated with a name | Keiter, Ellen A |
| 942 ## - ADDED ENTRY ELEMENTS (KOHA) | |
| Source of classification or shelving scheme | Dewey Decimal Classification |
| Item type | English Books |
| Classification part | 546 |
| Call number suffix | HUH |
| Withdrawn status | Lost status | Not for loan | Collection code | Home library | Current library | Date acquired | Source of acquisition | Cost, normal purchase price | Full call number | Barcode | Copy number | Cost, replacement price | Koha item type |
|---|---|---|---|---|---|---|---|---|---|---|---|---|---|
| Non-fiction | Sarojini Nagar | Sarojini Nagar | 02/07/2013 | KBD/BL20/19.03.2013/171/08.01.2013/22.3.2013 | 650.00 | 546 HUH | B-508936 | 1 | 650.00 | English Books | |||
| Not For Loan | Non-fiction | South Zone Lib (REF) | South Zone Lib (REF) | 02/07/2013 | KBD/BL20/19.03.2013/171/08.01.2013/22.3.2013 | 650.00 | 546 HUH | B-508937 | 1 | 650.00 | English Books |
